| 000 | 00983cam a22003013a 4500 | ||
|---|---|---|---|
| 001 | 19072 | ||
| 003 | PGUSA | ||
| 005 | 20140828083414.0 | ||
| 008 | 060818s2006||||xxu|||||s|||||000 | eng d | ||
| 040 |
_aPGUSA _beng |
||
| 042 | _adc | ||
| 050 | 4 | _aR | |
| 245 | 1 | 0 |
_aOpuscula Selecta Neerlandicorum : _bNederlandsch Tijdschrift voor Geneeskunde _h[electronic resource] |
| 260 |
_bProject Gutenberg, _c2006 |
||
| 506 | _aPublic domain in the USA. | ||
| 516 | _aElectronic text | ||
| 653 | _aMedicine -- Netherlands -- History | ||
| 700 | 1 |
_aBoerhaave, Herman, _d1668-1738 |
|
| 700 | 1 |
_aSwammerdam, Jan, _d1637-1680 |
|
| 700 | 1 |
_aErasmus, Desiderius, _d1469-1536 |
|
| 700 | 1 |
_aGaubius, Hieronymus David, _d-1780 |
|
| 700 | 1 |
_aLeeuwenhoek, Antoni van, _d1632-1723 |
|
| 700 | 1 |
_aDonders, F. C. _q(Franciscus Cornelis), _d1818-1889 |
|
| 700 | 1 |
_aTreub, Hector, _d1856-1920 |
|
| 830 | 0 |
_aProject Gutenberg _v19072 |
|
| 856 | 4 | 0 | _uhttp://www.gutenberg.org/ebooks/19072 |
| 942 | _cEB | ||
| 999 |
_c248327 _d248327 |
||